La evolución de la expresión gráfica en el nivel inicial / (Record no. 23536)

MARC details
000 -CABECERA
campo de control de longitud fija 00656nam a2200205 a 4500
005 - FECHA Y HORA DE LA ÚLTIMA TRANSACCIÓN
campo de control 20230131063633.0
008 - ELEMENTOS DE LONGITUD FIJA--INFORMACIÓN GENERAL
campo de control de longitud fija 991125s1992 ag 000 0 spa u
020 ## - NÚMERO INTERNACIONAL NORMALIZADO PARA LIBROS
Número Internacional Estándar del Libro 950755050X
035 ## - NÚMERO DE CONTROL DEL SISTEMA
Número de control de sistema UPN01000023536
049 ## - COLECCIÓN
Colección F
050 #4 - SIGNATURA TOPOGRÁFICA DE LA BIBLIOTECA DEL CONGRESO
Número de clasificación LB1715
Número de documento/Ítem L55 no.2
100 1# - ASIENTO PRINCIPAL--NOMBRE PERSONAL
Nombre de persona Pellegrino, Amalia
245 13 - MENCIÓN DE TÍTULO
Título La evolución de la expresión gráfica en el nivel inicial /
Mención de responsabilidad, etc. Amalia Pellegrino, María Teresa Sarto.
260 ## - PUBLICACIÓN, DISTRIBUCIÓN, ETC.
Lugar de publicación, distribución, etc. Buenos Aires :
Nombre del editor, distribuidor, etc. Braga,
Fecha de publicación, distribución, etc. 1992.
300 ## - DESCRIPCIÓN FÍSICA
Extensión 23 p. :
Otras características físicas il.
440 #0 - MENCIÓN DE SERIE/ASIENTO SECUNDARIO--TÍTULO
Título Lineamientos.
Nombre de parte o sección de la obra Cuadernos de orientación educativa ;
Designación de volumen o secuencia 2
650 #2 - ASIENTO SECUNDARIO DE MATERIA - TERMINO TEMATICO
Término de materia o nombre geográfico como elemento de entrada Expresión escrita
9 (RLIN) 1524
700 1# - ASIENTO SECUNDARIO--NOMBRE DE PERSONAL
Nombre de persona Sarto, María Teresa,
Término indicativo de función/relación coaut.
905 ## - TIPO DE MATERIAL
Tipo de material Libro
Holdings
Estado de retiro Estado de pérdida Fuente del sistema de clasificación o colocación Estado dañado No para préstamo Código de colección Localización permanente Ubicación/localización actual Ubicación en estantería Fecha de adquisición Clasificación Código de barras Fecha visto por última vez Número de copia Tipo de ítem Koha Total de préstamos
    Library of Congress Classification   Disponible (Préstamo en sala) Folletería Bib. Gregorio Torres Quintero Bib. Gregorio Torres Quintero Colecciones especiales Planta alta 04/05/2023 LB1715 L55 no.2 150739 31/12/2020 1 Folleto  
    Library of Congress Classification   Extraviado Folletería Bib. Gregorio Torres Quintero Bib. Gregorio Torres Quintero Folletos   LB1715 L55 no.2 209351 31/12/2020 1 Libro  
    Library of Congress Classification   Extraviado Folletería Bib. Gregorio Torres Quintero Bib. Gregorio Torres Quintero Folletos   LB1715 L55 no.2 209350 31/12/2020 1 Libro